书目信息 |
| 题名: |
战后国际通货危机与世界经济危机
|
|
| 作者: | 林直道 著 ;朱绍文 译 | |
| 分册: | ||
| 出版信息: | 北京 商务印书馆 1976 |
|
| 页数: | 294页 | |
| 开本: | 19cm | |
| 丛书名: | ||
| 单 册: | ||
| 中图分类: | F113.7 | |
| 科图分类: | ||
| 主题词: | 经济危机--世界 , 货币危机--世界 | |
| 电子资源: | ||
| ISBN: | ||
| 000 | 00692nam0 2200241 45 | |
| 001 | 0176002316 | |
| 005 | 20060818085142.42 | |
| 010 | @dCNY0.74 | |
| 100 | @a19950705d1976 em y0chiy0121 ea | |
| 101 | 0 | @achi |
| 102 | @aCN@b110000 | |
| 105 | @ay z 000yy | |
| 200 | 10 | @a战后国际通货危机与世界经济危机@Azhan hou guo ji tong huo wei ji yu shi jie jing ji wei ji@f(日)林直道著@g朱绍文译 |
| 210 | @a北京@c商务印书馆@d1976 | |
| 215 | @a294页@d19cm | |
| 606 | @a经济危机@y世界 | |
| 606 | @a货币危机@y世界 | |
| 690 | @aF113.7@v3 | |
| 701 | 0 | @a林直道@Alin zhi dao@4著 |
| 702 | 0 | @a朱绍文@Azhu shao wen@4译 |
| 801 | 2 | @aCN@bNLC@c20060818 |
| 801 | 0 | @aCN@bTSSF |
| 905 | @a10447@dF113.7@e98 | |
| 战后国际通货危机与世界经济危机/(日)林直道著/朱绍文译.-北京:商务印书馆,1976 |
| 294页;19cm |
| ISBN :CNY0.74 |
| ● |
| 相关链接 |
|
|
|
|
正题名:战后国际通货危机与世界经济危机
索取号:F113.7/98
 
预约/预借
| 序号 | 登录号 | 条形码 | 馆藏地/架位号 | 状态 | 备注 |
| 1 | 0465219 | 204652198 | 密集书库/ [索取号:F113.7/98] | 在馆 |